| 000 | 00457nam a2200157 a 4500 | ||
|---|---|---|---|
| 001 | 000030032 | ||
| 005 | 20240226145041.0 | ||
| 008 | 110428s1985 dr 000 0 spa d | ||
| 040 |
_aDO-SdBNP _bspa _cBNPHU |
||
| 082 |
_axxx _bP298e |
||
| 100 | 1 |
_aPatín Veloz, Enrique _93425 |
|
| 245 | 1 | 4 |
_aLas enseñanzas civícas de Duarte / _cEnrique Patín Veloz. |
| 260 |
_aSanto Domingo : _bInstituto Duartiano, _c1985. |
||
| 300 |
_a18 p. ; _c22 cm. |
||
| 049 | _aBNPD | ||
| 999 |
_c29524 _d29524 |
||